000 00740nam a22002657a 4500
001 9901
003 FISKH
005 20260313090439.0
008 260313b cb ||||| |||| 00| 0 eng d
020 _a9780789473578
040 _aFISKH
_beng
_cFISKH
_dFISKH
050 _aQL756.5 .D38
082 _a599
100 _aDavis, Lee
_eAuthor
245 _aFeeding time /
_cWritten by Lee Davis
260 _aLondon :
_bDoling Kindersley ,
_c2001
300 _a32 pages :
_bcolor illustrations ;
_c23 cm
505 _aJ
520 _aDescribes some of the ways various animals obtain food and eat.
521 8 _a480
_bLexile
521 8 _aJ
_bRaz-Plus
650 _aAnimals
_vNon-fiction
942 _2ddc
_cBK
_n0
999 _c9901
_d9901